000 00215nam a22000857a 4500
001 1240508
005 20251009103349.0
245 _aBİR KÜÇÜK OSMANCIK VARDI
_cHASAN NAİL CANAT
260 _bGENÇ TİMAŞ YAYINLARI
999 _c1240508
_d1240508